Revista de Historia. Tabla de contenido: número 55-56, 2007
Kaydedildi:
| Materyal Türü: | Kitap |
|---|---|
| Dil: | Spanish |
| Baskı/Yayın Bilgisi: |
Costa Rica
2007
|
| Etiketler: |
Etiketle
Etiket eklenmemiş, İlk siz ekleyin!
|
MARC
| LEADER | 00000nam a22000007a 4500 | ||
|---|---|---|---|
| 003 | cru IIS | ||
| 005 | 20211216101250.0 | ||
| 008 | 211216b2007 cr ||||| |||| 00| 0 spa d | ||
| 040 | |c CRAI UCR | ||
| 245 | |a Revista de Historia. Tabla de contenido: número 55-56, 2007 | ||
| 260 | |a Costa Rica |c 2007 | ||
| 500 | |a Colección Centroamérica | ||
| 505 | |a Los sistemas de beneficiado del café costarricense: 1830-1914 Carlos Naranjo Gutiérrez 39-71 // - Café para el gusto exigente. Publicidad y consumo de café en Costa Rica 1900-1930 Patricia Vega Jiménez 73-98 // - Tarrazú y Orosí: Cambios en la cadena de comercialización del café y estrategias ante la liberalización del mercado, 1989-2006 José Aurelio Sandí Morales, Carolina Zúñiga Rivera, Andrea Montero Mora 99-117 // - Cuadro del café que se cultiva en la provincia de Alajuela 1878 Carlos Naranjo Gutiérrez 121-162 // | ||
| 773 | 0 | |0 40579 |9 6423 |a Universidad Nacional de Costa Rica |d Heredia, Costa Rica: EUNA |o 10799 |t Revista de Historia / |x 10129790 | |
| 942 | |2 ddc |c PP | ||
| 999 | |c 44003 |d 44003 | ||
| 773 | 0 | |0 40579 |9 6422 |a Universidad Nacional de Costa Rica |d Heredia, Costa Rica: EUNA |o 10723 |t Revista de Historia / |x 10129790 | |
